01383cam a2200349 i 450000100090000000300090000900500170001800800410003502000180007603500240009404000780011808200200019610000380021624501300025426400860038426400100047030000420048033600260052233700280054833800270057650400410060365000210064465000260066565000370069165300240072865500240075270000300077690600450080694200120085199900170086395201530088019560455EG-ScBUE20220222093259.0170317t2015 enka f b 000 0 eng d a9780128035191 a(OCoLC)ocn909329794 aBTCTAbengerdacNLMdBTCTAdYDXCPdCDXdLTSCAdOCLCFdBDXdDLCdEG-ScBUE04a615.19222bRED1 aRedasani, Vivekkumar K.,eauthor.10aProdrug design :bperspectives, approaches and applications in medicinal chemistry /cVivekkumar K. Redasani, Sanjay B. Bari. 1aLondon ;aSan Diego, CA, USA :bAcademic Press is an imprint of Elsevier,c[2015] 4cc2015 ax, 72 pages :billustrations ;c23 cm atextbtxt2rdacontent aunmediatedbn2rdamedia avolumebnc2rdacarrier aIncludes bibliographical references. 7aProdrugs.2BUEsh 7aDrugsxDesign.2BUEsh 7aPharmaceutical chemistry.2BUEsh bPPhrmcFebruary2022 vReading book9342321 aBari, Sanjay B.,eauthor. a7bcbccpccadapd2encipf20gy-gencatlg 2ddccBB c29805d29776 00102ddc40708BaccahaMAINbMAINc1STd2022-02-22ePurchaseg641.00h36423l0o615.19 REDp000056166r2025-07-15 00:00:00v801.25w2022-02-22yBB